<?xml version="1.0" encoding="UTF-8"?>
<record
    xmlns:xsi="http://www.w3.org/2001/XMLSchema-instance"
    xsi:schemaLocation="http://www.loc.gov/MARC21/slim http://www.loc.gov/standards/marcxml/schema/MARC21slim.xsd"
    xmlns="http://www.loc.gov/MARC21/slim">

  <leader>00323nam a2200097   4500</leader>
  <controlfield tag="008">240910b        |||||||| |||| 00| 0 eng d</controlfield>
  <datafield tag="040" ind1=" " ind2=" ">
    <subfield code="a">National Science Library</subfield>
    <subfield code="c">National Science Library</subfield>
  </datafield>
  <datafield tag="080" ind1=" " ind2=" ">
    <subfield code="a">R 678(038)=00</subfield>
    <subfield code="b">J8</subfield>
  </datafield>
  <datafield tag="245" ind1=" " ind2=" ">
    <subfield code="a">Ordlista: </subfield>
    <subfield code="b">Plastics technical vocabulary- Swedish-English-German-French</subfield>
  </datafield>
  <datafield tag="942" ind1=" " ind2=" ">
    <subfield code="2">udc</subfield>
    <subfield code="c">REF</subfield>
  </datafield>
  <datafield tag="999" ind1=" " ind2=" ">
    <subfield code="c">66588</subfield>
    <subfield code="d">66588</subfield>
  </datafield>
  <datafield tag="952" ind1=" " ind2=" ">
    <subfield code="0">0</subfield>
    <subfield code="1">0</subfield>
    <subfield code="2">udc</subfield>
    <subfield code="4">0</subfield>
    <subfield code="6">R_67803800_J8</subfield>
    <subfield code="7">0</subfield>
    <subfield code="9">181658</subfield>
    <subfield code="a">NSL</subfield>
    <subfield code="b">NSL</subfield>
    <subfield code="c">GF/</subfield>
    <subfield code="d">1964-02-25</subfield>
    <subfield code="l">0</subfield>
    <subfield code="o">R 678(038)=00, J8</subfield>
    <subfield code="p">3844</subfield>
    <subfield code="r">2024-09-10 00:00:00</subfield>
    <subfield code="w">1964-02-25</subfield>
    <subfield code="y">REF</subfield>
  </datafield>
</record>
